LEADER 01006nam a2200253 i 4500 001 000000218216 003 CaOOAMICUS 005 20130121000000.0 008 130121s2012 fr u000 u mul u 013 $a197113 020 $a978-2-204-09985-1 040 $aSeMil$bita 245 10$aLivres 1.-2.,16. 260 $aParis :$bLes Éditions du Cerf,$c2012. 300 $a467 p. ;$c20 cm. 490 0 $aSources Chrétiennes ;$v549 773 0 $aJonas $tInstruction des laïcs.$dParis : Les Éditions du Cerf, 2012-2013.$g1$w()27943 830 0$aSources chrétiennes ;$v549.$0(OLS)http://semarc/title/72 850 $aSeMil 852 $aSeMil$W1$xVenegono$y1$mSL1.U II 549$j168629$B168629$CSeMilBibl$Z2$F179495 $8I 961 $aSottoscrizione: SODIS 996 $6020$a978-2-204-09985-1$9(OLS)http://semarc/number/215825 996 $6245$aLivres 1.-2.,16$9(OLS)http://semarc/title/313414 996 $6260$aParis :$bLes Éditions du Cerf$9(OLS)http://semarc/publisher/29611 LEADER 00830nam a2200217 i 4500 001 000000201962 003 CaOOAMICUS 005 20110512000000.0 008 110512s1983 it u000 u ita u 013 $a180668 040 $aSeMil$bita 100 1 $aAntoniazzi, Sandro,$d<1939- >.$0(OLS)http://semarc/name/32513 245 10$aLettera alla classe operaia :$bdicembre 1983 /$cSandro Antoniazzi. 260 $a[S.l. :$bs.n.],$c1983. 300 $a50 p. ;$c18 cm. 650 4$aClasse operaia.$0(OLS)http://semarc/subject/33456 850 $aSeMil 852 $aSeMil$W1$xVenegono$y1$m5D VIII 20/19$j152488$B152488$CSeMilBibl$Z2$F163575 $81 961 $aOmaggio: Altro 996 $6245$aLettera alla classe operaia :$bdicembre 1983$9(OLS)http://semarc/title/292347 996 $6260$a[S.l. :$bs.n.]$9(OLS)http://semarc/publisher/29751